000 00907nam a2200229Ii 4500
003 JO-AjNU
008 230605s9999||||xx |||||||||||||| ||und||
017 _a2005/2/299
040 _aJO-AjNU
_bara
_erda
_cJO-AjNU
041 _aara
050 1 4 _aPJ627.A286 2005
100 3 _aتاليف آل ناصر،محمدبن موسى,
_eauthor
_919176
245 0 0 _aالأخطاء الواقعة في قراءة سورة الفاتحة من المصلين والأئمة والقارئين فيه تنبية على نحو من مائتي خطأ يقع فيها
250 _aط1
264 3 1 _aعمان:دار الأثرية، 2005
300 _a123ص
336 _atext
_btxt
_2rdacontent
337 _aunmediated
_bn
_2rdamedia
338 _avolume
_bnc
_2rdacarrier
490 0 _aسلسلة دفاعا عن القرآن (3)
650 4 _aالقرآن-سورة القرآن-الايات القرآنية
_919177
999 _aA6273
_c9841
_d9841